Κατάλογος Βιβλιοθηκών Mediterranean College

Life Span Development / Tenth Edition (Record no. 5705)

MARC details
000 -LEADER
fixed length control field 01565cam a22002054a 4500
005 - ΗΜΕΡΟΜΗΝΙΑ ΚΑΙ ΩΡΑ ΤΕΛΕΥΤΑΙΑΣ ΕΝΗΜΕΡΩΣΗΣ
Πεδίο ελέγχου 20250605164219.0
008 - FIXED-LENGTH DATA ELEMENTS--GENERAL INFORMATION
Πεδίο ελέγχου σταθερού μήκους 250528s ||||||||||||||||||||||||d
035 ## - SYSTEM CONTROL NUMBER
System control number 20614
020 ## - ISBN
ISBN 72967390
040 ## - ΠΗΓΗ ΚΑΤΑΛΟΓΟΓΡΑΦΗΣΗΣ
Φορέας πρωτότυπης καταλογογράφησης MC Athens Campus Library
Γλώσσα καταλογογράφησης Ελληνικά, Μοντέρνα (1453-)
Modifying agency MC Athens Campus Library
Κανόνες περιγραφικής καταλογογράφησης AACR2
245 1# - ΤΙΤΛΟΣ ΚΑΙ ΔΗΛΩΣΗ ΥΠΕΥΘΥΝΟΤΗΤΑΣ
Τίτλος Life Span Development / Tenth Edition
250 ## - EDITION STATEMENT
Edition statement 10th
260 ## - PUBLICATION, DISTRIBUTION, ETC.
Name of publisher, distributor, etc. Mcgraw Hill,
Date of publication, distribution, etc. 2006
300 ## - PHYSICAL DESCRIPTION
Extent 790
520 ## - SUMMARY, ETC.
Summary, etc. This book has won wide praise for accurate, up-to-date coverage and its unique Learning Goals system. The Life-Span Development Perspective, Introduction, Appendix: Careers in Life-Span Development, The Science of Life-Span Development, Beginnings, Biological Beginnings, Prenatal Development and Birth, Infancy, Physical Development in Infancy, Cognitive Development in Infancy, Socioemotional Development in Infancy, Middle and Late Childhood, Physical and Cognitive Development in Middle and Late Childhood, Socioemotional Development in Middle and Late Childhood, Adolescence, Physical and Cognitive Development in Adolescence, Socioemotional Development in Adolescence, Early Childhood, Physical and Cognitive Development in Early Childhood, Socioemotional Development in Early Childhood, Middle Adulthood, Physical and Cognitive Development in Middle Adulthood, Socioemotional Development in Middle Adulthood, Late Adulthood, Physical Development in Late Adulthood, Cognitive Development in Late Adulthood, Socioemotional Development in Late Adulthood, Endings, Death and Grieving.
700 1# - ΠΡΟΣΘΕΤΗ ΑΝΑΓΡΑΦΗ--ΦΥΣΙΚΟ ΠΡΟΣΩΠΟ
Personal name Santrock John W
9 (RLIN) 4374
942 ## - ADDED ENTRY ELEMENTS (KOHA)
Koha item type Books
Holdings
Τύπος τεκμηρίου Βιβλιοθήκη Τρέχουσα τοποθεσία Barcode Αριθμός εισαγωγής Ημερομηνία απόκτησης Ταξιθετικό σύμβολο Αριθμός αντιτύπου Κατάσταση απόσυρσης Κατάσταση χαμένου Κατάσταση κατεστραμμένου Μη δανεισμός Σύνολο δανεισμών Ημερομηνία τελευταίας εμφάνισης Η τιμή ισχύει από
Books MC Athens Campus Library MC Athens Campus Library 9780000057044 7160 05/06/2025 155 SAN 1           05/06/2025 05/06/2025

MC Athens Campus Library
Πατησίων 94 & Κοδριγκτώνος 13, 104 34
Πελλήνης 8 & Πατησίων 107, 112 51
Τ: +30 210 8899600

MC Thessaloniki Campus Library
Ίωνος Δραγούμη 21, 54625 | Ίωνος Δραγούμη 15, 54625
Τ: +30 2310 287779 – Τ: +30 2314 440300